Primer encuentro para la réplica en innovación social: la mediación, el secreto para prevenir la violencia escolar
Guardat en:
| Autor corporatiu: | |
|---|---|
| Format: | Llibre |
| Idioma: | espanyol |
| Publicat: |
Santiago
CEPAL
2009
|
| Col·lecció: | Seminarios y Conferencias, 58
|
| Matèries: | |
| Etiquetes: |
Afegir etiqueta
Sense etiquetes, Sigues el primer a etiquetar aquest registre!
|
MARC
| LEADER | 00000cam a2200000 a 4500 | ||
|---|---|---|---|
| 001 | UCG9203 | ||
| 003 | CL-VaPUC | ||
| 005 | 20240102132943.0 | ||
| 008 | 120127e20090000cl 1 spa d | ||
| 020 | |a 9789213233436 | ||
| 082 | 0 | 4 | |a 371.81 |b CEP |2 21 |
| 110 | 2 | |a CEPAL |e author |9 621845 | |
| 245 | 1 | 0 | |a Primer encuentro para la réplica en innovación social: la mediación, el secreto para prevenir la violencia escolar |
| 260 | |a Santiago |b CEPAL |c 2009 | ||
| 300 | |a 73 P | ||
| 490 | 0 | |a Seminarios y Conferencias, 58 | |
| 583 | |a last modification |c 20190908 08:07:10 |k Rodrigo Vera | ||
| 650 | 0 | 0 | |a Violencia escolar |9 453211 |
| 650 | 0 | 0 | |a Calidad de la educación |9 307271 |
| 650 | 0 | 0 | |a Educación moral |9 308319 |
| 942 | |c BK | ||
| 945 | |a dcastane |d 20120127 00:00:00 | ||
| 546 | |a En Español | ||
| 536 | |a CEPAL | ||
| 518 | |p Encuentro para la réplica en innovación social, 1, Santiago de Chile, 13 de mayo de 2009 | ||
| 999 | |c 384659 |d 384657 | ||
| 952 | |0 0 |1 0 |4 0 |6 371_810000000000000_CEP_2009 |7 0 |8 A |9 507516 |a BIBEDU |b BIBEDU |d 2020-01-23 |i 4838246 |o 371.81 CEP 2009 |p 4838246 |r 2020-01-23 |w 2020-01-23 |y BK |k EPE | ||